000 00773nam a2200253 a 4500
001 000021740
005 20200930011431.0
008 100910s1958 sp 001 e spa d
040 _aDO-SdBNP
_bspa
_cBNPHU
082 _a864.6
_bA996d, 1958
100 1 _aAzorín,
_d1873-1967
_95278
245 1 0 _aDe Granada a Castelar /
_cAzorín.
250 _a3a ed.
260 _aMadrid :
_bEspasa-Calpe,
_c1958.
300 _a145, [15] p. ;
_c18 cm.
490 1 _aAustral. Verde: ensayos y filosofía
_v475
500 _aIncluye índice de autores.
650 4 _aEnsayos españoles
_93095
650 4 _aLiteratura española
_9632
650 4 _aCrítica literaria
_zEspaña
_941960
830 0 _aAustral. Verde: ensayos y filosofía;
_v475
_98733
910 _aWM
049 _aBNGR
999 _c21239
_d21239